[Event "SLO-ch 29th"]
[Site "Radenci"]
[Date "2019.05.04"]
[Round "9"]
[White "Suta, Andraz"]
[Black "Mihevc, Ivo"]
[Result "1-0"]
[WhiteElo "2205"]
[BlackElo "2046"]
[PlyCount "43"]
[EventDate "2019.04.27"]
[EventType "swiss"]
[EventRounds "9"]
[EventCountry "SLO"]
[SourceTitle "CBM 190 Extra"]
[Source "ChessBase"]
[SourceDate "2019.07.15"]
[SourceVersion "1"]
[SourceVersionDate "2019.07.15"]
[SourceQuality "1"]

1. e4 c5 2. Nf3 Nc6 3. d4 cxd4 4. Nxd4 Nf6 5. Nc3 d6 6. Bg5 e6 7. Qd2 Be7 8. 0-0-0 0-0 9. f4 Nxd4 10. Qxd4 Qa5 11. h4 e5 12. Qd2 exf4 13. Kb1 Kh8 14. Bc4 Be6 15. Bxe6 fxe6 16. Bxf4 Rad8 17. Bg5 Qe5 18. Rhf1 b5 19. Qe3 Rd7 20. Ne2 Kg8 21. Nd4 Qxe4 22. Rxf6 1-0

[Event "SLO-ch 29th"]
[Site "Radenci"]
[Date "2019.05.03"]
[Round "8"]
[White "Mihevc, Ivo"]
[Black "Mohar, Martin"]
[Result "1-0"]
[WhiteElo "2046"]
[BlackElo "1657"]
[PlyCount "125"]
[EventDate "2019.04.27"]
[EventType "swiss"]
[EventRounds "9"]
[EventCountry "SLO"]
[SourceTitle "CBM 190 Extra"]
[Source "ChessBase"]
[SourceDate "2019.07.15"]
[SourceVersion "1"]
[SourceVersionDate "2019.07.15"]
[SourceQuality "1"]

1. e4 c5 2. Nf3 Nc6 3. d4 cxd4 4. Nxd4 e5 5. Nb5 d6 6. a4 Be7 7. N1c3 a6 8. Na3 Nf6 9. Bc4 Be6 10. 0-0 0-0 11. Bg5 Ne8 12. Bxe7 Nxe7 13. Qd3 Qd7 14. Rfd1 Rd8 15. Rd2 Qc6 16. Rad1 Nc7 17. Qe2 Rd7 18. h3 Rfd8 19. Bd5 Bxd5 20. exd5 Qc5 21. Qc4 Qb6 22. b4 Rc8 23. a5 Qa7 24. Qb3 Ne8 25. Na4 Rdc7 26. c4 Nf5 27. Nb6 Rd8 28. Nc2 Nf6 29. Qf3 Ne7 30. Ne3 Nc8 31. Na4 b5 32. cxb5 axb5 33. Nb2 Ne7 34. g4 Rc3 35. g5 Ne8 36. Qe2 Qb7 37. Rc2 Rdc8 38. Rxc3 Rxc3 39. Qd2 Rc8 40. Ra1 Nc7 41. Rc1 Na6 42. Nd3 Ng6 43. f3 Qd7 44. Kh2 Kf8 45. Kg3 Ne7 46. Rxc8+ Qxc8 47. Nf2 Ng6 48. Qd3 Qd7 49. Qc3 Ke8 50. Nd3 Ne7 51. f4 Nc7 52. fxe5 Ncxd5 53. Nxd5 Nxd5 54. Qd4 dxe5 55. Qxe5+ Ne7 56. Nc5 Qc8 57. a6 Qa8 58. Qc7 Nf5+ 59. Kf4 Ne7 60. Qd7+ Kf8 61. a7 Nd5+ 62. Kg3 Nxb4 63. Qd6+ 1-0

[Event "SLO-ch 29th"]
[Site "Radenci"]
[Date "2019.05.01"]
[Round "6"]
[White "Mihevc, Ivo"]
[Black "Titan, Matej"]
[Result "1-0"]
[WhiteElo "2046"]
[BlackElo "2247"]
[PlyCount "105"]
[EventDate "2019.04.27"]
[EventType "swiss"]
[EventRounds "9"]
[EventCountry "SLO"]
[SourceTitle "CBM 190 Extra"]
[Source "ChessBase"]
[SourceDate "2019.07.15"]
[SourceVersion "1"]
[SourceVersionDate "2019.07.15"]
[SourceQuality "1"]

1. e4 e5 2. Nf3 Nc6 3. Nc3 Nf6 4. a3 d5 5. Bb5 Nxe4 6. Qe2 Qd6 7. Nxd5 Qxd5 8. Bc4 Qd6 9. Qxe4 f6 10. 0-0 Bd7 11. d4 0-0-0 12. dxe5 fxe5 13. Bg5 Be7 14. Rad1 Qg6 15. Qxg6 hxg6 16. Bxe7 Nxe7 17. Nxe5 Bf5 18. c3 c6 19. Bb3 Rxd1 20. Rxd1 Kc7 21. g4 Bc8 22. f3 Rf8 23. Kg2 b5 24. Kg3 a5 25. h4 Rf6 26. Nd3 a4 27. Ba2 Rd6 28. Nf2 Rxd1 29. Nxd1 Kd6 30. Kf4 c5 31. Ne3 Bb7 32. Bb1 Ke6 33. Be4 Bxe4 34. Kxe4 Nc8 35. f4 Nd6+ 36. Kd3 Nb7 37. c4 b4 38. Nd5 bxa3 39. bxa3 Kd6 40. Nb6 Nd8 41. Nxa4 Ne6 42. Ke4 Nd4 43. Nc3 Ke6 44. Nd5 Nb3 45. Ne3 Nd2+ 46. Kd3 Nf3 47. Ng2 Nh2 48. Ne3 Nf3 49. h5 gxh5 50. gxh5 Nd4 51. a4 Nc6 52. Ke4 Na5 53. f5+ 1-0

[Event "Paracin Summer op-B 11th"]
[Site "Paracin"]
[Date "2018.07.13"]
[Round "9"]
[White "Mihevc, Ivo"]
[Black "Radojicic, Aleksandar M"]
[Result "1-0"]
[WhiteElo "2057"]
[BlackElo "1846"]
[PlyCount "47"]
[EventDate "2018.07.06"]
[EventType "swiss"]
[EventRounds "9"]
[EventCountry "SRB"]
[SourceTitle "EXT 2019"]
[Source "ChessBase"]
[SourceDate "2018.10.10"]
[SourceVersion "1"]
[SourceVersionDate "2018.10.10"]
[SourceQuality "1"]

1. e4 c5 2. Nf3 a6 3. c4 e6 4. d4 cxd4 5. Nxd4 Qc7 6. Nc3 Nf6 7. Nc2 b6 8. Be3 Bc5 9. Qd2 Bxe3 10. Nxe3 Bb7 11. f3 d6 12. Be2 Nbd7 13. 0-0 Ne5 14. Rfd1 Ke7 15. Rac1 g5 16. Qd4 Rab8 17. b4 Nc6 18. Qd2 Nxb4 19. a3 Nc6 20. Ncd5+ exd5 21. Nf5+ Kf8 22. cxd5 g4 23. dxc6 Bxc6 24. Qh6+ 1-0

[Event "Paracin Summer op-B 11th"]
[Site "Paracin"]
[Date "2018.07.10"]
[Round "5"]
[White "Mihevc, Ivo"]
[Black "Shoshin, Kirill"]
[Result "1/2-1/2"]
[WhiteElo "2057"]
[BlackElo "1875"]
[PlyCount "54"]
[EventDate "2018.07.06"]
[EventType "swiss"]
[EventRounds "9"]
[EventCountry "SRB"]
[SourceTitle "EXT 2019"]
[Source "ChessBase"]
[SourceDate "2018.10.10"]
[SourceVersion "1"]
[SourceVersionDate "2018.10.10"]
[SourceQuality "1"]

1. e4 e6 2. d4 d5 3. Nd2 c5 4. exd5 exd5 5. Ngf3 a6 6. Qe2+ Qe7 7. dxc5 Qxe2+ 8. Bxe2 Bxc5 9. Nb3 Bb6 10. Nbd4 Nc6 11. Be3 Bc7 12. h3 Nf6 13. 0-0 0-0 14. c3 Ne4 15. c4 Be6 16. Rac1 Rad8 17. Nxc6 bxc6 18. Nd4 c5 19. Nxe6 fxe6 20. Bf3 d4 21. Bxe4 dxe3 22. fxe3 Rxf1+ 23. Kxf1 Rd2 24. Rc2 Rxc2 25. Bxc2 Be5 26. b3 a5 27. Ke2 h6 1/2-1/2

[Event "Paracin Summer op-B 11th"]
[Site "Paracin"]
[Date "2018.07.09"]
[Round "4"]
[White "Pribanovic, Milivoje"]
[Black "Mihevc, Ivo"]
[Result "0-1"]
[WhiteElo "1872"]
[BlackElo "2057"]
[PlyCount "89"]
[EventDate "2018.07.06"]
[EventType "swiss"]
[EventRounds "9"]
[EventCountry "SRB"]
[SourceTitle "EXT 2019"]
[Source "ChessBase"]
[SourceDate "2018.10.10"]
[SourceVersion "1"]
[SourceVersionDate "2018.10.10"]
[SourceQuality "1"]

1. e4 c5 2. Nf3 Nc6 3. d4 cxd4 4. Nxd4 Nf6 5. Nc3 d6 6. Be2 e5 7. Nb3 Be7 8. 0-0 0-0 9. f4 a5 10. a4 Nb4 11. Kh1 Bd7 12. Bf3 Bc6 13. fxe5 dxe5 14. Qe2 Qc7 15. Be3 b6 16. Qf2 Rab8 17. g4 Ne8 18. Qg2 Nd6 19. Rf2 Nc4 20. Bc1 Rbd8 21. Nd5 Qb7 22. Nd2 Nd6 23. c4 Bh4 24. Re2 Nc2 25. Ra2 Nd4 26. Re3 Bg5 27. Rc3 Rc8 28. b3 Rfe8 29. Ba3 Rcd8 30. Bxd6 Rxd6 31. Rd3 Bxd5 32. exd5 Bxd2 33. Raxd2 g6 34. Be4 Qe7 35. g5 f5 36. gxf6 Rxf6 37. Qg3 Ref8 38. Rd1 Rf4 39. Bg2 Qf6 40. Qe3 Nf5 41. Qd2 Rh4 42. Bh3 Nd6 43. Rf1 Qxf1+ 44. Bxf1 Rxf1+ 45. Kg2 0-1

[Event "SLO-chT1 East"]
[Site "Slovenia"]
[Date "2017.10.01"]
[Round "3"]
[White "Hercog, Nusa"]
[Black "Mihevc, Ivo"]
[Result "0-1"]
[WhiteElo "2034"]
[BlackElo "2083"]
[PlyCount "72"]
[EventDate "2017.09.29"]
[EventType "team-tourn"]
[EventRounds "9"]
[EventCountry "SLO"]
[SourceTitle "EXT 2019"]
[Source "ChessBase"]
[SourceDate "2018.10.10"]
[SourceVersion "1"]
[SourceVersionDate "2018.10.10"]
[SourceQuality "1"]
[WhiteTeam "Celjski"]
[BlackTeam "Maribor ZSK II"]
[WhiteTeamCountry "SLO"]
[BlackTeamCountry "SLO"]

1. d4 Nf6 2. c4 g6 3. f3 Bg7 4. e4 d6 5. Nc3 0-0 6. Be3 c5 7. Nge2 Nc6 8. d5 Ne5 9. Ng3 e6 10. Be2 exd5 11. cxd5 h5 12. 0-0 h4 13. Nh1 Nh7 14. f4 Nd7 15. Qd2 f5 16. Nf2 a6 17. a4 Re8 18. Bd3 Ndf6 19. Kh1 fxe4 20. Nfxe4 Bf5 21. Nxf6+ Nxf6 22. Bxf5 gxf5 23. Rf3 Ne4 24. Qc2 Qf6 25. Rc1 Re7 26. Bg1 Rae8 27. Rd1 Kf7 28. Rh3 Qh6 29. Qc1 Qh5 30. Rf1 Qg4 31. Nd1 Bd4 32. Ne3 Bxe3 33. Bxe3 Qe2 34. Bg1 Rg8 35. g3 hxg3 36. Rh7+ Kf8 0-1

[Event "SLO-chT1 East"]
[Site "Slovenia"]
[Date "2016.09.25"]
[Round "3"]
[White "Pukl, Daniel"]
[Black "Mihevc, Ivo"]
[Result "1-0"]
[WhiteElo "2019"]
[BlackElo "2148"]
[PlyCount "69"]
[EventDate "2016.09.23"]
[EventType "team-tourn"]
[EventRounds "9"]
[EventCountry "SLO"]
[SourceTitle "EXT 2019"]
[Source "ChessBase"]
[SourceDate "2018.10.10"]
[SourceVersion "1"]
[SourceVersionDate "2018.10.10"]
[SourceQuality "1"]
[WhiteTeam "Lendava Rokada"]
[BlackTeam "Maribor ZSK II"]
[WhiteTeamCountry "SLO"]
[BlackTeamCountry "SLO"]

1. d4 Nf6 2. c4 g6 3. Nc3 Bg7 4. e4 d6 5. f4 0-0 6. Nf3 c5 7. d5 e6 8. dxe6 Bxe6 9. Bd3 Nc6 10. f5 Bc8 11. 0-0 Ng4 12. Bg5 f6 13. Bf4 Nge5 14. Nd5 b6 15. Qd2 Bb7 16. Rad1 Ne7 17. b3 Qd7 18. fxg6 hxg6 19. Bc2 Bxd5 20. exd5 b5 21. Bxe5 dxe5 22. d6 Nf5 23. Qd5+ Kh7 24. Bxf5 Qxf5 25. Nd4 Qg5 26. Ne6 Qe3+ 27. Kh1 bxc4 28. bxc4 f5 29. Nxf8+ Rxf8 30. d7 Bf6 31. Rf3 Qe2 32. Rb3 e4 33. d8Q Rxd8 34. Qf7+ Bg7 35. Rh3+ 1-0

[Event "SLO-chT1 East"]
[Site "Slovenia"]
[Date "2016.09.23"]
[Round "1"]
[White "Petauer, Eva"]
[Black "Mihevc, Ivo"]
[Result "1-0"]
[WhiteElo "1911"]
[BlackElo "2148"]
[PlyCount "83"]
[EventDate "2016.09.23"]
[EventType "team-tourn"]
[EventRounds "9"]
[EventCountry "SLO"]
[SourceTitle "EXT 2019"]
[Source "ChessBase"]
[SourceDate "2018.10.10"]
[SourceVersion "1"]
[SourceVersionDate "2018.10.10"]
[SourceQuality "1"]
[WhiteTeam "Celjski"]
[BlackTeam "Maribor ZSK II"]
[WhiteTeamCountry "SLO"]
[BlackTeamCountry "SLO"]

1. e4 c5 2. Nf3 Nc6 3. Bb5 d6 4. 0-0 Bd7 5. Re1 Nf6 6. c3 a6 7. Ba4 b5 8. Bc2 Bg4 9. d3 e5 10. Nbd2 g6 11. h3 Bd7 12. Nf1 Bg7 13. Be3 0-0 14. Qd2 Kh8 15. Bg5 Be6 16. Ng3 Rc8 17. Bh6 Bxh6 18. Qxh6 Ng8 19. Qd2 Qf6 20. Qg5 h6 21. Qe3 Kg7 22. a3 Qf4 23. Qxf4 exf4 24. Ne2 g5 25. d4 Na5 26. e5 dxe5 27. Nxe5 Rfd8 28. dxc5 Nb3 29. Bxb3 Bxb3 30. Nd4 Bd5 31. b4 Nf6 32. Nf5+ Kf8 33. Nd6 Rc7 34. a4 Ne8 35. axb5 Nxd6 36. cxd6 Rxd6 37. bxa6 f6 38. Nd3 Rxc3 39. Nc5 f3 40. g4 f5 41. Red1 fxg4 42. a7 1-0

[Event "Graz op-A"]
[Site "Graz"]
[Date "2016.02.14"]
[Round "3"]
[White "Mihevc, Ivo"]
[Black "Schnider, Gert"]
[Result "0-1"]
[WhiteElo "2174"]
[BlackElo "2364"]
[PlyCount "64"]
[EventDate "2016.02.12"]
[EventType "swiss"]
[EventRounds "9"]
[EventCountry "AUT"]
[SourceTitle "CBM 170 Extra"]
[Source "ChessBase"]
[SourceDate "2016.02.25"]
[SourceVersion "1"]
[SourceVersionDate "2016.02.25"]
[SourceQuality "1"]

1. e4 e5 2. Nf3 Nc6 3. Nc3 Nf6 4. a3 d5 5. Bb5 Nxe4 6. Qe2 Qd6 7. Nxe4 dxe4 8. Qxe4 Bd7 9. d3 f6 10. Bd2 0-0-0 11. 0-0-0 Qc5 12. Bxc6 Bxc6 13. Qe3 Qb5 14. Bc3 Bc5 15. Qe1 Rd7 16. Rg1 Rhd8 17. Nd2 Qa4 18. Nb3 Qf4+ 19. Bd2 Qxf2 20. Nxc5 Qxc5 21. Qe3 Qxe3 22. Bxe3 b6 23. g3 Bb7 24. Rdf1 Ba6 25. Rf2 c5 26. b3 Bxd3 27. cxd3 Rxd3 28. Bd2 Rxb3 29. g4 Rd4 30. Rgg2 h6 31. h4 e4 32. Re2 Rc4+ 0-1

[Event "SLO-chT1 East"]
[Site "Slovenia"]
[Date "2015.11.06"]
[Round "4"]
[White "Mihevc, Ivo"]
[Black "Brinovec, Dusan"]
[Result "1-0"]
[WhiteElo "2158"]
[BlackElo "2182"]
[PlyCount "97"]
[EventDate "2015.10.16"]
[EventType "team-tourn"]
[EventRounds "9"]
[EventCountry "SLO"]
[SourceTitle "EXT 2019"]
[Source "ChessBase"]
[SourceDate "2018.10.10"]
[SourceVersion "1"]
[SourceVersionDate "2018.10.10"]
[SourceQuality "1"]
[WhiteTeam "Maribor ZSK II"]
[BlackTeam "Zalec"]
[WhiteTeamCountry "SLO"]
[BlackTeamCountry "SLO"]

1. e4 e5 2. Nf3 Nc6 3. Nc3 Nf6 4. a3 d6 5. d4 Bg4 6. Bb5 Nd7 7. dxe5 Ncxe5 8. Nxe5 Bxd1 9. Bxd7+ Qxd7 10. Nxd7 Bxc2 11. Nxf8 Rxf8 12. Be3 c6 13. Kd2 Bb3 14. Ne2 c5 15. Kc3 Ba4 16. Nf4 Bc6 17. f3 0-0-0 18. Rad1 b6 19. Rd2 Rd7 20. Rhd1 Rfd8 21. Nd5 Kb7 22. Bf4 f5 23. exf5 Rf8 24. f6 Bxd5 25. Rxd5 Rxf6 26. Rxd6 Rdxd6 27. Bxd6 Re6 28. Bg3 Kc6 29. Re1 Rg6 30. Re4 b5 31. b3 a6 32. Re7 Kd5 33. Kd3 h6 34. Re5+ Kc6 35. Ke4 Rd6 36. Re7 Rd2 37. Rc7+ Kb6 38. Rxg7 c4 39. bxc4 bxc4 40. Bf4 Rd3 41. Bxh6 Rxa3 42. Kd4 c3 43. Kd3 a5 44. Rg4 Kb5 45. Bg7 a4 46. Bxc3 Ra2 47. Rb4+ Kc5 48. Rb2 Ra3 49. h4 1-0

[Event "SLO-chT1 East"]
[Site "Sentjur"]
[Date "2013.10.26"]
[Round "7"]
[White "Mihevc, Ivo"]
[Black "Spacapan, Simon"]
[Result "1-0"]
[WhiteElo "2146"]
[BlackElo "1968"]
[PlyCount "65"]
[EventDate "2013.10.17"]
[EventType "team-tourn"]
[EventRounds "9"]
[EventCountry "SLO"]
[SourceTitle "EXT 2015"]
[Source "ChessBase"]
[SourceDate "2014.11.20"]
[SourceVersion "1"]
[SourceVersionDate "2014.11.20"]
[SourceQuality "1"]

1. e4 c5 2. Nf3 d6 3. d4 cxd4 4. Nxd4 Nf6 5. Nc3 e6 6. f4 Nc6 7. Nf3 Be7 8. Bd3 0-0 9. 0-0 Re8 10. Kh1 a6 11. Qe1 b5 12. e5 dxe5 13. fxe5 Nd5 14. Qg3 Nxc3 15. bxc3 f5 16. exf6 Bxf6 17. Ng5 Bxg5 18. Bxg5 Qd5 19. Bf6 Qd7 20. Rad1 Qf7 21. Be5 Qe7 22. Bd6 Qd7 23. Be4 Bb7 24. Be5 Qe7 25. Bf6 Qf7 26. Bh4 Rad8 27. Bxd8 Qxf1+ 28. Rxf1 Nxd8 29. Bxb7 Nxb7 30. Qf3 Nd8 31. h3 e5 32. Qd5+ Kh8 33. Qxe5 1-0

[Event "SLO-chT1 East"]
[Site "Sentjur"]
[Date "2013.10.25"]
[Round "6"]
[White "Mihevc, Ivo"]
[Black "Gruskovnjak, Joze"]
[Result "1-0"]
[WhiteElo "2146"]
[BlackElo "2025"]
[PlyCount "65"]
[EventDate "2013.10.17"]
[EventType "team-tourn"]
[EventRounds "9"]
[EventCountry "SLO"]
[SourceTitle "EXT 2015"]
[Source "ChessBase"]
[SourceDate "2014.11.20"]
[SourceVersion "1"]
[SourceVersionDate "2014.11.20"]
[SourceQuality "1"]

1. e4 d5 2. exd5 Qxd5 3. Nc3 Qa5 4. d4 Nf6 5. Bd2 Qb6 6. Nf3 Bg4 7. Be2 c6 8. Ne5 Bxe2 9. Qxe2 e6 10. 0-0-0 Bb4 11. a3 Be7 12. Rhe1 0-0 13. g4 Qd8 14. g5 Nd5 15. h4 Nxc3 16. Bxc3 Nd7 17. Ng4 b5 18. f4 Re8 19. h5 Bf8 20. h6 g6 21. Qd2 Qb6 22. Ba5 Qb8 23. Re4 Bd6 24. Kb1 Qb7 25. d5 cxd5 26. Qd4 Kf8 27. Qg7+ Ke7 28. Re2 Bc5 29. Nf6 Nxf6 30. Qxf6+ Kd6 31. Red2 Qe7 32. Rxd5+ Kc6 33. Qxe7 1-0

[Event "SLO-chT1 Ost"]
[Site "Sentjur"]
[Date "2011.10.23"]
[Round "9"]
[White "Vidic, Branko"]
[Black "Mihevc, Ivo"]
[Result "1-0"]
[WhiteElo "2014"]
[BlackElo "2175"]
[PlyCount "65"]
[EventDate "2011.10.13"]
[EventType "team-tourn"]
[EventRounds "9"]
[EventCountry "SLO"]
[SourceTitle "EXT 2022"]
[Source "ChessBase"]
[SourceDate "2021.10.06"]
[SourceVersion "1"]
[SourceVersionDate "2021.10.06"]
[SourceQuality "1"]
[WhiteTeam "Lendava Rokada"]
[BlackTeam "Maribor Kovinar Nova"]
[WhiteTeamCountry "SLO"]
[BlackTeamCountry "SLO"]

1. d4 Nf6 2. Nf3 g6 3. g3 Bg7 4. Bg2 d6 5. b3 0-0 6. Bb2 Nbd7 7. 0-0 e5 8. dxe5 Ng4 9. c4 dxe5 10. Qc2 Re8 11. h3 Nh6 12. Rd1 Qe7 13. Nc3 c6 14. Ne4 Nf5 15. g4 Nh4 16. Nxh4 Qxh4 17. Nd6 Rd8 18. c5 Nf8 19. Qe4 Qg5 20. Nxc8 Raxc8 21. b4 Ne6 22. e3 h5 23. Rd6 hxg4 24. Qxg4 Qxg4 25. hxg4 Rxd6 26. cxd6 f6 27. Rd1 a6 28. a4 Rd8 29. b5 axb5 30. axb5 Bf8 31. bxc6 bxc6 32. d7 Kf7 33. Bc3 1-0

[Event "SLO-chT1 Ost"]
[Site "Sentjur"]
[Date "2011.10.16"]
[Round "5"]
[White "Mihevc, Ivo"]
[Black "Plahuta, Darko"]
[Result "1-0"]
[WhiteElo "2175"]
[BlackElo "2036"]
[PlyCount "58"]
[EventDate "2011.10.13"]
[EventType "team-tourn"]
[EventRounds "9"]
[EventCountry "SLO"]
[SourceTitle "EXT 2022"]
[Source "ChessBase"]
[SourceDate "2021.10.06"]
[SourceVersion "1"]
[SourceVersionDate "2021.10.06"]
[SourceQuality "1"]
[WhiteTeam "Maribor Kovinar Nova"]
[BlackTeam "Sentjur"]
[WhiteTeamCountry "SLO"]
[BlackTeamCountry "SLO"]

1. e4 e6 2. d4 d5 3. Nd2 c5 4. exd5 Qxd5 5. Ngf3 Nc6 6. Bc4 Qh5 7. dxc5 Bxc5 8. Ne4 Ne5 9. Be2 Nxf3+ 10. Bxf3 Qe5 11. 0-0 Be7 12. g3 g5 13. Re1 Qa5 14. Bd2 Qc7 15. Bc3 e5 16. Qd5 g4 17. Bxe5 Qc6 18. Qxc6+ bxc6 19. Bg2 f6 20. Nxf6+ Kf7 21. Nxg8 Rxg8 22. Bxc6 Be6 23. Bxa8 Rxa8 24. b3 h5 25. c4 h4 26. Rad1 h3 27. Bd6 Bf6 28. c5 Rc8 29. Re4 Bd7 1-0

[Event "SLO-chT1 Ost"]
[Site "Sentjur"]
[Date "2011.10.14"]
[Round "2"]
[White "Mihevc, Ivo"]
[Black "Grilc, Andrej"]
[Result "1/2-1/2"]
[WhiteElo "2175"]
[BlackElo "2116"]
[PlyCount "112"]
[EventDate "2011.10.13"]
[EventType "team-tourn"]
[EventRounds "9"]
[EventCountry "SLO"]
[SourceTitle "EXT 2022"]
[Source "ChessBase"]
[SourceDate "2021.10.06"]
[SourceVersion "1"]
[SourceVersionDate "2021.10.06"]
[SourceQuality "1"]
[WhiteTeam "Maribor Kovinar Nova"]
[BlackTeam "Milan Majcen Sevnica"]
[WhiteTeamCountry "SLO"]
[BlackTeamCountry "SLO"]

1. e4 Nf6 2. e5 Nd5 3. d4 d6 4. Nf3 g6 5. exd6 cxd6 6. c4 Nb6 7. Nc3 Bg7 8. Be3 0-0 9. Rc1 Nc6 10. Be2 Bg4 11. b3 d5 12. c5 Nc8 13. 0-0 e6 14. h3 Bxf3 15. Bxf3 N8e7 16. g4 e5 17. Ne2 f5 18. gxf5 e4 19. Bg2 Nxf5 20. Qd2 Nh4 21. b4 Nf3+ 22. Bxf3 Rxf3 23. Ng3 Nxd4 24. Rcd1 Qc7 25. Kg2 Rd8 26. Bxd4 Rd3 27. Qg5 Bxd4 28. Rxd3 exd3 29. Nf5 Bc3 30. Ne7+ Kh8 31. Nxd5 Rxd5 32. Qxd5 d2 33. b5 Qf4 34. c6 bxc6 35. bxc6 Be5 36. Rh1 Bd4 37. Qf3 Qg5+ 38. Kf1 Qb5+ 39. Kg2 Qg5+ 40. Qg4 Qd5+ 41. f3 Bb6 42. Rd1 Qxc6 43. Rxd2 Qc1 44. Rd8+ Bxd8 45. Qd4+ Kg8 46. Qxd8+ Kg7 47. Qe7+ Kh6 48. Qxa7 Qd2+ 49. Qf2 Qg5+ 50. Kh1 Qc1+ 51. Qg1 Qa3 52. Qf2 Qc1+ 53. Kg2 Qg5+ 54. Kf1 Qc1+ 55. Ke2 Qc2+ 56. Ke3 Qc5+ 1/2-1/2

[Event "SLO-chT1 Ost"]
[Site "Sentjur"]
[Date "2010.11.20"]
[Round "8"]
[White "Mihevc, Ivo"]
[Black "Krivec, Sandi"]
[Result "1/2-1/2"]
[WhiteElo "2193"]
[BlackElo "2150"]
[PlyCount "71"]
[EventDate "2010.11.04"]
[EventType "team-tourn"]
[EventRounds "9"]
[EventCountry "SLO"]
[SourceTitle "EXT 2022"]
[Source "ChessBase"]
[SourceDate "2021.10.06"]
[SourceVersion "1"]
[SourceVersionDate "2021.10.06"]
[SourceQuality "1"]
[WhiteTeam "Maribor Kovinar Nova"]
[BlackTeam "Slovenj Gradec"]
[WhiteTeamCountry "SLO"]
[BlackTeamCountry "SLO"]

1. e4 c5 2. Nf3 Nc6 3. d4 cxd4 4. Nxd4 g6 5. c4 Bg7 6. Nc2 Nf6 7. Nc3 d6 8. Be2 0-0 9. 0-0 Bd7 10. f3 a5 11. b3 Nb4 12. Be3 Ng4 13. fxg4 Bxc3 14. Rb1 Nxa2 15. Bd4 Qc7 16. Ne3 Bxd4 17. Qxd4 Nb4 18. Rf2 Qc5 19. Qd2 Be6 20. Nd5 Bxd5 21. exd5 a4 22. bxa4 Rxa4 23. Rb2 b6 24. g3 e6 25. Kg2 exd5 26. Bd1 Ra1 27. Rxb4 Rxd1 28. Qxd1 Qxb4 29. Qxd5 Qc5 30. Qe4 Qe5 31. Qb7 Qd4 32. Rf4 Qe3 33. h4 Qd2+ 34. Kh3 Qe3 35. g5 Qe6+ 36. Kg2 1/2-1/2